Central Library || Chittagong University

Police Management / (Record no. 109316)

MARC details
000 -LEADER
fixed length control field 00553nam a22001937a 4500
003 - CONTROL NUMBER IDENTIFIER
control field BD-ChCU
005 - DATE AND TIME OF LATEST TRANSACTION
control field 20251111104845.0
008 - FIXED-LENGTH DATA ELEMENTS--GENERAL INFORMATION
fixed length control field 251111b usa ||||| |||| 00| 0 eng d
020 ## - INTERNATIONAL STANDARD BOOK NUMBER
International Standard Book Number 9780195330113
040 ## - CATALOGING SOURCE
Transcribing agency BD-ChCU
082 ## - DEWEY DECIMAL CLASSIFICATION NUMBER
Classification number 363.2068 R638p
100 ## - MAIN ENTRY--PERSONAL NAME
Personal name Roberg, Roy
9 (RLIN) 15928
245 ## - TITLE STATEMENT
Title Police Management /
Statement of responsibility, etc. Roy Roberg and Jack Kuykendall
250 ## - EDITION STATEMENT
Edition statement 3ed.
260 ## - PUBLICATION, DISTRIBUTION, ETC.
Place of publication, distribution, etc. New York:
Name of publisher, distributor, etc. Oxford University Press ,
Date of publication, distribution, etc. c2002
300 ## - PHYSICAL DESCRIPTION
Extent 449p.
650 #0 - SUBJECT ADDED ENTRY--TOPICAL TERM
Topical term or geographic name entry element Police Service Management, Police Administration
9 (RLIN) 15930
942 ## - ADDED ENTRY ELEMENTS (KOHA)
Source of classification or shelving scheme Dewey Decimal Classification
Koha item type Books
Suppress in OPAC No
Holdings
Withdrawn status Lost status Source of classification or shelving scheme Damaged status Not for loan Home library Current library Shelving location Date acquired Source of acquisition Total Checkouts Full call number Barcode Date last seen Copy number Price effective from Koha item type
    Dewey Decimal Classification     Chittagong University Library Chittagong University Library Business and Social Science Reading Room 11/11/2025 Purchase   363.2068 R638p 343013 11/11/2025 C-1 11/11/2025 Books
    Dewey Decimal Classification     Chittagong University Library Chittagong University Library Business and Social Science Reading Room 11/11/2025 Purchase   363.2068 R638p 343014 11/11/2025 C-2 11/11/2025 Books
© Copyright 2026. Chittagong University Library, Installation and Maintenance by Prof. Dr. Md. Alamgir, 01711306253